|
|
|
|
| LEADER |
00659nab a2200181 i 4500 |
| 001 |
acta25310 |
| 005 |
20210720150823.0 |
| 008 |
161017s1926 hu o 0|| fre d |
| 022 |
|
|
|a 1166-9667
|
| 040 |
|
|
|a SZTE Egyetemi Kiadványok Repozitórium
|b hun
|
| 041 |
|
|
|a fre
|
| 100 |
1 |
|
|a Magyary Géza
|
| 245 |
1 |
0 |
|a L'Académie Hongroise et la science juridique en Hongrie
|h [elektronikus dokumentum] /
|c Magyary Géza
|
| 260 |
|
|
|c 1926
|
| 300 |
|
|
|a 90-111
|
| 490 |
0 |
|
|a Revue des études hongroises et finno-ougriennes
|v 4
|
| 695 |
|
|
|a Jogtudomány, Művelődéstörténet
|
| 856 |
4 |
0 |
|u http://acta.bibl.u-szeged.hu/25310/1/etudes_hongroises_004_090-111.pdf
|z Dokumentum-elérés
|